Majority Muslim Countries - Statistics

General Stats
  • This quiz has been taken 35 times
  • The average score is 38 of 45
Answers on the Map
Answers color-coded by a green-red scale on the quiz's map according to % correct below.
 
Answer Stats
Answer % Muslim % Correct
Egypt 95.3%
97%
Turkey 98%
97%
Afghanistan >99%
94%
Algeria 97.9%
94%
Iran >99%
94%
Iraq >99%
94%
Jordan 97.1%
94%
Libya 96.6%
94%
Morocco >99%
94%
Oman 85.9%
94%
Saudi Arabia 92.7%
94%
Sudan 90.7%
94%
Tajikistan 96.4%
94%
Tunisia >99%
94%
Turkmenistan 93%
94%
Uzbekistan 97.1%
94%
Yemen >99%
94%
Bahrain 69.7%
90%
Chad 55.1%
90%
Kyrgyzstan 89.4%
90%
Lebanon 61.2%
90%
Niger 98.3%
90%
Qatar 65.2%
90%
Syria 92.8%
90%
Mali 94.6%
87%
Pakistan 96.5%
87%
Kazakhstan 72%
84%
Kuwait 70.7%
84%
Mauritania >99%
84%
Azerbaijan 97.3%
81%
Burkina Faso 62.7%
81%
Somalia >99%
81%
Nigeria 51.1%
77%
Albania 82.1%
74%
Indonesia 87%
74%
Malaysia 66.1%
74%
Senegal 96.6%
74%
Djibouti 96.9%
71%
Guinea 84.6%
65%
Bangladesh 90.8%
61%
Brunei 75.1%
61%
Gambia 95.3%
61%
Maldives 98.4%
61%
Comoros 98.3%
58%
Sierra Leone 78.5%
48%
No matching quizzes found
Score Distribution
Percent of People with Each Score
Percentile by Number Answered
Your Score History
You have not taken this quiz